| 000 | 00682nam a22002417a 4500 | ||
|---|---|---|---|
| 005 | 20251108172521.0 | ||
| 008 | 250721s9999 xx 000 0 ara d | ||
| 082 | 1 | 4 | _a345.02أمي |
| 100 | 1 | _aأمين، سمير | |
| 245 | 1 | 0 | _aصيغ العقود و الدعاوى القانونية / |
| 300 | _a621ص | ||
| 650 | 1 | 7 | _aالقانون |
| 650 | 1 | 7 | _aالعقود |
| 650 | 1 | 7 | _aالإيجارات |
| 650 | 1 | 7 | _aالعقود الإدارية |
| 650 | 1 | 7 | _aقانونالعمل |
| 650 | 1 | 7 | _aالقانون المدني |
| 650 | 1 | 7 | _aقانون الأحوال الشخصية |
| 650 | 1 | 7 | _aالدعوة |
| 653 | _aدعاوى | ||
| 942 |
_2ddc _cBK |
||
| 999 |
_c81386 _d81386 |
||